US Presidents' Middle Names - Sudden Death - Statistics

General Stats
  • This quiz has been taken 46 times
  • The average score is 10 of 18
Answers on the Grid
Answers color-coded by a green-red scale on the quiz's grid according to % correct below.
Baines
Bartholemew
Bowman
Calvin
Clemens
Clinton
David
Delano
Earl
Eric
Ezekiel
Fitzgerald
Fraser
Frederik
Godfrey
Heinz
Henry
Howard
Hussein
Jefferson
John
Kerry
Lincoln
Malthus
Mark
Milhous
Nelson
Nielsen
Paul
Richard
Robert
Robinette
Rodham
Rudolph
Samuel
Ulysses
Walker
Wilhelm
Wilson
Woodrow
 
Answer Stats
Answer % Correct
Delano
85%
Baines
82%
Fitzgerald
82%
Hussein
76%
Milhous
76%
Calvin
65%
Robinette
56%
Woodrow
53%
John
50%
Henry
47%
Howard
47%
Walker
47%
David
41%
Jefferson
38%
Ulysses
38%
Earl
35%
Wilson
21%
Rudolph
18%
No matching quizzes found
Score Distribution
Percent of People with Each Score
Percentile by Number Answered
Your Score History
You have not taken this quiz